Tun Abdul Razak

Bibliographic Details
Main Author: Siti Mariam Daud
Format: Book
Published: Kuala Lumpur : Jade Green Publications , 1996
Series:Pejuang Dan Pembina Negara
Subjects:

MARC

LEADER 00000cam a2200000 7i4500
001 0000009045
002 000009855
005 20040102.0
020 |a 983929301X 
090 0 0 |a 920   |b SIT 
100 0 |a Siti Mariam Daud 
245 1 0 |a Tun Abdul Razak   |c Siti Mariam Daud 
260 |a Kuala Lumpur :   |b Jade Green Publications ,   |c 1996 
300 |a 58p. :   |b ill ;   |c 21cm. 
490 0 |a Pejuang Dan Pembina Negara 
500 |a Koleksi Perdana Menteri Malaysia Aras 3 
650 0 0 |a Tun Abdul Razak Datuk Hussein 1922-1976   |x Prime Minister   |z Malaysia   |x Biography 
999 |a 051772   |b BUKU   |c MALAYSIANA   |e PERPUSTAKAAN KOMUNITI PETALING JAYA 
999 |a 051773   |b BUKU   |c MALAYSIANA   |e PERPUSTAKAAN KOMUNITI PETALING JAYA 
999 |a 051774   |b BUKU   |c PINJAMAN   |e PERPUSTAKAAN KOMUNITI PETALING JAYA 
999 |a 053851   |b BUKU   |c PINJAMAN   |e PERPUSTAKAAN KOMUNITI CAW KOTA DAMANSARA 
999 |a 053852   |b BUKU   |c PINJAMAN   |e PERPUSTAKAAN KOMUNITI CAW KOTA DAMANSARA